Inversión en recursos de la comunidad: los programas juveniles alcanzan la madurez. El sector privado comienza a aprovechar los recursos de los jóvenes /
Shranjeno v:
| Glavni avtor: | |
|---|---|
| Format: | Texto |
| Teme: | |
| Oznake: |
Označite
Brez oznak, prvi označite!
|
MARC
| LEADER | 00000 a a2200000 04500 | ||
|---|---|---|---|
| 001 | 41556 | ||
| 003 | |||
| 040 | |||
| 100 | |a McCabe, Michael | ||
| 245 | |a Inversión en recursos de la comunidad: |b los programas juveniles alcanzan la madurez. El sector privado comienza a aprovechar los recursos de los jóvenes / |c Michael McCabe | ||
| 650 | |a EMPRESAS | ||
| 650 | |a DESARROLLO DE LA COMUNIDAD | ||
| 650 | |a ORGANIZACIONES NO GUBERNAMENTALES | ||
| 650 | |a EDUCACION | ||
| 650 | |a JUVENTUD | ||
| 650 | |a INVERSIONES | ||
| 650 | |a EMPLEO | ||
| 650 | |a POBREZA | ||
| 650 | |a SOCIEDAD CIVIL | ||
| 773 | |g volumen21, número2 (1998), páginas 20-27 | ||
| 999 | |c 25560 |d 25560 | ||
